Science in context

Đã lưu trong:
书目详细资料
主要作者: Barnes, Barry
格式: 图书
语言:Undetermined
出版: Massachusetts The MIT 1982
主题:
标签: 添加标签
没有标签, 成为第一个标记此记录!
Thư viện lưu trữ: Trung tâm Học liệu Trường Đại học Cần Thơ
LEADER 00435nam a2200169Ia 4500
001 CTU_78991
008 210402s9999 xx 000 0 und d
082 |a 509 
082 |b B259 
100 |a Barnes, Barry 
245 0 |a Science in context 
245 0 |c Barry Barnes, David Edge 
260 |a Massachusetts 
260 |b The MIT 
260 |c 1982 
650 |a Socialogical 
980 |a Trung tâm Học liệu Trường Đại học Cần Thơ